000
00236 a2200097 4500
001
27368
100
_a
Whelan, P M
245
_a
Questions and problems in pre-university Physics
260
_a
_b
John Murray
_c
1976
090
_c
18191
_d
18191
942
_a
NUST-CAE
_c
M
_c
9104
999
_c
262441
_d
262441